000
00224 a2200097 4500
001
3829
100
_a
Giles, R.V
245
_a
Theory & problems of fluid mech & hydraulics
260
_a
_b
Schaum pub
_c
090
_c
3062
_d
3062
942
_a
NUST-CAE
_c
M
_c
22914
999
_c
238902
_d
238902